Versos (Registro nro. 303473)

Detalles MARC
000 -ENCABEZADO
Número de control [NR] 02118nam a2200241 4500
005 - FECHA Y HORA DE LA ÚLTIMA TRANSACCIÓN
control field 20160520160322.0
008 - DE LONGITUD FIJA DE DATOS DE ELEMENTOS - INFORMACIÓN GENERAL
Elementos de longitud fija [NR] 160520k18961897en |||fr|||| 00| 0 spa d
040 ## - FUENTE DE CATALOGACION [NR]
Agencia de catalogación original [NR] CO-BoUCM
Idioma de catalogación [NR] spa
Quien Cataloga Sandra Yazo
Quien Clasifica Sandra Yazo
041 0# - CODIGO DE IDIOMA [R]
Código de idioma para texto/pista de sonido o título separado [R] Español
082 04 - NUMERO DE CLASIFICACION DECIMAL DEWEY [R]
Número de la edición [NR] 20
Número de clasificación [R] 861.9921
092 ## - SIGNATURA TOPOGRAFICA LOCAL
Número de clasificación local E40N010
100 1# - ASIENTO PRINCIPAL--NOMBRE PERSONAL [NR]
Nombre personal [NR] Fernández Granados, Enrique
Títulos u otras palabras asociadas al nombre [R] 1867-1920
ID Autoridad 77338
245 10 - MENCION DE TITULO [NR]
Título [NR] Versos
Mención de responsabilidad, etc. [NR] de Enrique X. Fernández
260 ## - PUBLICACION, DISTRIBUCION, ETC. (PIE DE IMPRENTA) [R]
Lugar de publicación, distribución, etc. [R] Londres (Inglaterra)
Nombre del editor, distribuidor, etc. [R] Wertheirmer, Lea y Cía
Fecha de publicación, distribución, etc. [R] 1896-1897
300 ## - DESCRIPCION FISICA [R]
Extensión [R] 80 páginas
Dimensiones [R] 15 x 12 cm.
500 ## - NOTA GENERAL [R]
Nota general [NR] Detalles físicos: Encuadernación rígida en cartón forrado en tela texturizada. Tapas y lomo con recuadros repujados y adornos en dorado. Tapa delantera con notorio doblez. Guardas, la delantera con una anotación manuscrita. Portada impresa en una sola tinta. Texto impreso en una sola tinta. Márgenes amplios. Bordes de página con bordes irregulares. Corte superior decorado. Papel manchado
505 0# - NOTA DE CONTENIDO CON FORMATO PREESTABLECIDO [R]
Nota de contenido con formato preestablecido [NR] V.1: Desde el mar ; A Bolívar ; A Napoleón ; Emigración ; La moneda y la estrofa ; La copa de vino ; A Jorge Isaac ; Ante la hostia ; … ¡Tísica! ; La hermana de la Caridad ; La primera comunión ; ¡Oh madre! ; Viajando ; Al Tequendama ; ¡Legar tarde! ; Fantasía ; ¡A ti! ; ¡No crezcas! ; El diluvio ; La redención ; A Elvira Silva Gómez ; La oración ; Felicidad ; El secreto de una virgen ; El ave del sepulcro ; En la alta noche ; Dualidad -- V. 2: La madre ; A Colombia ; A Iberia ; El soneto de Arvers ; El soneto de desbarreaux moribundo ; Resurrección ; Risa y llanto ; El monólogo del hombre ; Vejez, juventud, niñez ; César ante la cabeza de Pompeyo ; Hombres y niños ; La fuga ; Paisaje ; De tarde ; ¡Feliz quien sabe sufrir! ; Realidad ; Jóvenes viejos ; ¡Después ..! ; El templo ; A la biblioteca nacional ; A Medellín ; Palabras ; El ultimo día ; La noche ; El campo ; La inspiración ; La muerte ; Futuro eterno ; El dolor ; El cielo
506 ## - NOTA DE RESTRICCIONES DE ACCESO [R]
Condiciones de acceso [NR] Consulta en sala
650 #7 - ASIENTO SECUNDARIO DE MATERIA - TERMINO TEMATICO [R]
9 (RLIN) 21833
Término temático o nombre geográfico como elemento de entrada [NR] Poesía mexicana
650 #7 - ASIENTO SECUNDARIO DE MATERIA - TERMINO TEMATICO [R]
9 (RLIN) 18708
Término temático o nombre geográfico como elemento de entrada [NR] Literatura mexicana
690 ## - ASUNTO AGREGADO LOCAL DE ENTRADA - TÉRMINO TEMÁTICO (OCLC, RLIN)
Acceso temático local Literatura latinoamericana
9 (RLIN) 18700
942 ## - ELEMENTOS DE ENTRADA AGREGADOS (KOHA)
Sistema de clasificación LOCAL
Tipo de ítem principal el descrito en 300a Libro
Edición 1
Clasificación E40N010
Existencias
Suprimido Perdido Sistema de clasificación Dañado No prestable Tipo de ítem específico Ubicación habitual Ubicación actual Localización Fecha de creación Forma de adquisición Costo Volúmen / Fascículo Total préstamos Signatura topográfica Código de barras Última vez visto Ejemplar Price effective from Tipo de ítem
    LOCAL     Libro archivo Archivo Histórico Archivo Histórico Archivo histórico 20/05/2016 Donación 0.00 V.1   E40N010 L005660 20/05/2016 Ej.1 20/05/2016 Libro
    LOCAL     Libro archivo Archivo Histórico Archivo Histórico Archivo histórico 20/05/2016 Donación 0.00 V.2   E40N010 L005661 20/05/2016 Ej.1 20/05/2016 Libro